000 00775nam0a22002531 4500
001 rc\4300796
005 20250612042541.0
021 _aRU
_b[67-27555]
035 _a(NLR Aleph) 008501967
090 _a8114746
_c8114746
100 _a20130416d1967 |||y0rusy50 ca
101 0 _arus
102 _aRU
105 _aa z |||||
200 1 _aФотографический практикум
210 _aМосква
_cИзд-во Моск. ун-та
_d1967
215 _a74 с.
_cил.
_d21
606 _aФотография
_jПрактические работы учащихся
_2psbo
700 1 _aВалюс
_bТ.С.
_gТаисия Семеновна
801 0 _aRU
_bNLR
_gpsbo
801 1 _aRU
_bELAR
_2rusmarc
852 _aNLR
_j67-6/4894
942 _cBOOK
980 _aNB